Same Start: Countries and Elements Quiz Stats

Quiz Updated Jan 18, 2015

Challenge
Share
Tweet
Embed
Score 0/14 Timer 02:00
0 Plays Today
Beginning Element and Country % Correct
ARGArgon, Argentina
83.2%
LITLithium, Lithuania
79.4%
GERGermanium, Germany
79%
FRAFrancium, France
75.3%
NICNickel, Nicaragua
67.1%
TUNTungsten, Tunisia
63.6%
BARBarium, Barbados
60%
Beginning Element and Country % Correct
NEPNeptunium, Nepal
49.2%
ANTAntimony, Antigua and Barbuda
43.1%
MOLMolybdenum, Moldova
42%
THAThallium, Thailand
38.9%
VANVanadium, Vanuatu
38.4%
TANTantalum, Tanzania
21.1%
SAMSamarium, Samoa
19%

You're not logged in!

Compare scores with friends on all Sporcle quizzes.
Join for Free
OR
Log In

You Might Also Like...

Show Comments

Extras

Top Quizzes Today


Score Distribution

Your Account Isn't Verified!

In order to create a playlist on Sporcle, you need to verify the email address you used during registration. Go to your Sporcle Settings to finish the process.

Report this User

Report this user for behavior that violates our Community Guidelines.

Details: